000 00548nam a2200205 4500
003 OSt
005 20240723022649.0
006 a
008 240723b |||||||| |||| 00| 0 eng d
020 _a9789712352829
040 _aDWCL-Main lib.
_cOC
082 _aFil. 336.2 D346f 2009
100 _aDe Leon, Hector S.
245 _aThe fundamentals of taxation /
260 _aManila :
_bRex Book Store,
_cc2009.
300 _axxvii,
_b437 p. ;
_c23 cm.
504 _aIncludes index.
650 _a1. Taxation.
942 _2ddc
_n0
_cBK - FIL
_kFil.
999 _c2574
_d2574